000 00482nmm a2200169Ia 4500
008 251105s9999||||xx |||||||||||||||||und||
020 _a9788417128197
041 _aspa
100 _aWells, Rachel
245 0 _aEl gato que enseñaba a ser feliz
264 _a[Madrid, España] :
_bDuomo ediciones,
_c2018
300 _a315 páginas
490 _aDuomo bolsillo
650 _aNorth American narrative
856 _uhttps://public.digitaliapublishing.com/a/68037
942 _cCF
999 _c78463
_d78463